Responses for Show #6995 - Friday, January 30, 2015

Contestants

[<< previous game]

Cate Hollenbeck, a trust officer from Los Angeles, California

Jim Read, a professor of English from Arroyo Grande, California

Karen Ash, a business analyst from Brooklyn, New York (whose 1-day cash winnings total $23,600)

[next game >>]

Jeopardy! Round responses

PABLO PICASSO SAID
"D" BRIEFING
HODGEPODGE
CANNE PALME D'OR WINNERS
(Alex: Movies, of course.)
BOOKS ABOUT PRESIDENTS
PIZZA, BEER & BALLGAMES
(Jimmy: Three things Chicagoans enjoy from the legendary Gino's East.)
    $200 24
the truth

Karen
    $200 19
date of birth

Jim
    $200 3
the Puppy Bowl

Jim
    $200 12
Pulp

Jim
    $200 1
John Adams

Karen
    $200 9
the area code

Jim
    $400 26
marble

Karen
    $400 20
(Alex: Yeah. I don't know why we're all laughing about that.)

dead on arrival

Karen
    $400 4
gazpacho

Karen
    $400 13
sex, lies

Jim
    $400 2
(William) McKinley

Jim
    $400 17
Rahm Emanuel

Cate
    $600 21
the Directors Guild of America

Cate
    $600 6
privilege

Karen
    $600 14
Dark

Cate
    $600 5
(Ulysses S.) Grant

Jim
    $600 18
(Jim: Who is, uh, Perry?)
(Alex: Be more specific.)
(Jim: [*]?)
(Alex: You got him. Yes. To differentiate him from his brother.)

William "Refrigerator" Perry

Jim
    $800 22
direct current

Jim
    $800 10
the Seven Sisters

Cate
    $800 15
Concubine

Karen
    $1,200 7
(Karen: What is... [Whispers] Oh, God. Uh, what is 500?)

A Thousand

Karen
    $800 25
(Alex: Good, with less than a minute to go now.)

Northwestern

Cate
    $1000 28
[Alex reads "P.P." as "Pablo Picasso".]
[The end-of-round signal sounds.]

Gertrude Stein

Jim
    $1000 23
diphtheria, tetanus & pertussis

Cate
    $1000 11
the Alien and Sedition Acts

Cate
    $1000 16
Blue

Karen
    $1000 8
Millard Fillmore

Karen
    $1000 27
Ron Swanson

Karen

Scores at the first commercial break (after clue 13):

Karen Jim Cate
$1,000 $2,000 $1,800

Scores at the end of the Jeopardy! Round:

Karen Jim Cate
$4,800 $4,600 $5,200

Double Jeopardy! Round responses

DON'T BE A DUMAS
TV CHARACTER NICKNAMES
CROSSING THE EQUATOR
1977
GUILTY
"Y.D." DO IT?
    $400 25
Victor Hugo

Cate
    $400 5
Hawkeye

Cate
    $400 10
Brazil

Karen
    $400 1
Roots

Jim
    $400 16
a plea bargain

Cate
    $400 20
Yankee Doodle

Cate
    $800 29
Camus

Cate
    $800 6
Coach

Karen
    $800 11
Indonesia

Karen
    $800 2
South Africa

Jim
    $800 18
(Jim: What's abetting?)
(Karen: What's a conspirator?)

an accomplice

KarenJim
Triple Stumper
    $800 21
a yellow dwarf

Jim
    $1200 28
(Jim: [*]. What is [*]?)

Métro

Jim
    $1200 7
Bones

Karen
    $1200 12
(Jim: What is... "Cuscu"?)

Quito

KarenJim
    $1200 3
draft dodgers

Triple Stumper
    $1200 19
felons

Jim
    $1200 22
your ducks

Jim
    $1600 26
Remembrance of Things Past

Jim
    $1600 8
Turtle

Karen
    $1600 13
Uganda

Cate
    $1600 4
the Gang of Four

Cate
    $1600 30
show trials

Triple Stumper
    $1600 23
the Young Democrats

Cate
    $3,000 27
Voltaire

Jim
    $2000 9
Screech

Cate
    $2000 14
the Maldives

Karen
    $2000 15
the Pompidou Center

Karen
    $2,500 17
(Cate: I know it, but I don't. [Laughs])
(Alex: Wanna take a chance and blurt out a name?)
(Cate: No.)

John Hinckley

Cate
    $2000 24
Yvonne De Carlo

Karen

Scores at the end of the Double Jeopardy! Round:

Karen Jim Cate
$16,000 $12,800 $11,900

[wagering suggestions for these scores]

Final Jeopardy! Round responses

INVENTORS
(Alex: Whoever wins today will win a lot of money, I believe, and get to relax for two weeks, and I'll tell you about that in a moment.)
...
(Alex: [To Cate] No, he was working on a steam engine, but you are incorrect with that response.)
...
(Alex: [To Karen] It's the origin of the term "horsepower". ... And you get to rest for two weeks, because on Monday, we begin our annual Teachers Tournament.)
CateWhat is a steam engine
$5,501
JimWhat are men?
$12,795
KarenWhat are horses?
$10,000
horses

Final scores:

Karen Jim Cate
$26,000 $5 $6,399
2-day champion: $49,600 3rd place: $1,000 2nd place: $2,000

Game dynamics:

Coryat scores:

Karen Jim Cate
$17,200 $11,800 $14,400
19 R,
2 W
(including 1 DD)
18 R
(including 1 DD),
2 W
16 R,
1 W
(including 1 DD)

Combined Coryat: $43,400

[game clues] [game scores] [suggest correction]

Game tape date: 2014-12-03
The J! Archive is created by fans, for fans. Scraping, republication, monetization, and malicious use prohibited; this site may use cookies and collect identifying information. See terms. The Jeopardy! game show and all elements thereof, including but not limited to copyright and trademark thereto, are the property of Jeopardy Productions, Inc. and are protected under law. This website is not affiliated with, sponsored by, or operated by Jeopardy Productions, Inc. Join the discussion at JBoard.tv.